000 00463nam a2200169 4500
003 OSt
008 240726b |||||||| |||| 00| 0 eng d
020 _a9780753553503
082 _a815.08
_bSTS
100 _aALLEN, W.H
245 _aStay hungry stay foolish: advice for the rest of your life-classic graduation speeches..
260 _aLondon:
_bWH Allen,
_c2019.
300 _a218p.
650 _aEnglish Literature
650 _aFiction
942 _2ddc
_cBK
999 _c12808
_d12808